Katalog Plus
Bibliothek der Frankfurt UAS
Bald neuer Katalog: sichern Sie sich schon vorab Ihre persönlichen Merklisten im Nutzerkonto: Anleitung.

Principles of Microeconomics

Titel: Principles of Microeconomics : An Integrative Approach / by Martin Kolmar
Verfasser:
Ausgabe: 1st ed. 2017
Veröffentlicht: Cham : Springer International Publishing, 2017
Umfang: 1 Online-Ressource (XII, 336 Seiten) : 80 illus.
Format: E-Book
Sprache: Englisch
Mehrbändiges Werk: Springer Texts in Business and Economics
RVK-Notation:
Schlagworte:
Andere Ausgaben: Erscheint auch als Druck-Ausgabe: Kolmar, Martin. Principles of Microeconomics. - Cham : Springer International Publishing, 2017
ISBN: 9783319575896 ; 3319575899 ; 978--331957588-9 ; 978--331957590-2 ; 978--331986202-6
Buchumschlag
X
alg: 41739101
001A    $01999:03-10-17 
001B    $06055:01-12-25 $t03:20:20.000 
001D    $01999:03-10-17 
001U    $0utf8 
001X    $00 
002@    $0Oax 
002C    $aText $btxt $2rdacontent 
002D    $aComputermedien $bc $2rdamedia 
002E    $aOnline-Ressource $bcr $2rdacarrier 
003@    $0417391013 
003O    $01005405807 $aOCoLC 
004A    $A978-3-319-57589-6 
004A    $03-319-57589-9 
004E/04 $0SpringerNature-41170 $fSubject Collection Economics and Finance 
004E/04 $0SpringerNature-43720 $fSubject Collection Economics and Finance (R0) 
004O    $A978---331957588-9 $Sp 
004O    $A978---331957590-2 $Sp 
004O    $A978---331986202-6 $Sp 
004P    $010.1007/978-3-319-57589-6 $SV787 
007A    $0417391013 $aHEB 
007I    $0Springer978-3-319-57589-6 
009P    $qtext/html $3Inhaltsverzeichnis $uhttp://scans.hebis.de/HEBCGI/show.pl?41739101_toc.html $mX:DE-He213 
009P    $qtext/html $3Ausführliche Beschreibung $uhttp://scans.hebis.de/HEBCGI/show.pl?41739101_aub.html $mX:DE-He213 
009Q    $SV787 $uhttps://doi.org/10.1007/978-3-319-57589-6 $xR 
010@    $aeng 
010E    $erda 
011@    $a2017 
017B    $aZDB-2-ECF 
017B    $aZDB-2-SXEF 
021A    $aPrinciples of Microeconomics $dAn Integrative Approach $hby Martin Kolmar 
028A    $aKolmar $BVerfasser $dMartin $4aut 
032@    $a1st ed. 2017 
033A    $pCham $nSpringer International Publishing 
033E    $pCham $nSpringer International Publishing AG 
034D    $a1 Online-Ressource (XII, 336 Seiten) 
034M    $a80 illus. 
036G    $aSpringer Texts in Business and Economics $x2192-4341 
039D    $aErscheint auch als $tPrinciples of Microeconomics $dCham $eSpringer International Publishing $f2017 $z978-3-319-57588-9 $lKolmar, Martin $nDruck-Ausgabe 
044A    $aMicroeconomics $S#0 $N650 
044A    $aExperimental economics $S#0 $N650 
044A    $aEconomics $S#0 $xHistory $N650 
044A    $aGame theory $S#0 $N650 
044A    $aEvolutionary economics $S#0 $N650 
044A    $aInstitutional economics $S#0 $N650 
044A    $aMicroeconomics $S14 $N650 
044A    $aExperimental Economics $S24 $N650 
044A    $aHistory of Economic Thought and Methodology $S24 $N650 
044A    $aGame Theory $S24 $N650 
044A    $aInstitutional and Evolutionary Economics $S24 $N650 
044K    $RWirtschaftstheorie $RVolkswirtschaftslehre $#Microeconomics $#Microéconomie $#Microeconomía $#Mikroökonomik $#Mikroökonomie $#Mikroökonomie $#Mikroökonomik $74039225-9 $8Mikroökonomie [Ts1] $9085106909 
045B    $a338.5 $eDDC23eng 
045Z    $8QC 100 [Tkv] $9411124374 

lok: 41739101 5

exp: 41739101 5 1 #EPN
201B/01 $003-10-17 $t22:15:00.757 
201U/01 $0utf8 
203@/01 $01007888768 
204P/01 $010.1007/978-3-319-57589-6 $SV787 
208@/01 $a03-10-17 $bl 

lok: 41739101 20

exp: 41739101 20 1 #EPN
201B/01 $003-10-17 $t22:15:00.761 
201U/01 $0utf8 
203@/01 $01007888776 
204P/01 $010.1007/978-3-319-57589-6 $SV787 
208@/01 $a03-10-17 $bl 

lok: 41739101 21

exp: 41739101 21 1 #EPN
201B/01 $003-10-17 $t22:15:00.764 
201U/01 $0utf8 
203@/01 $01007888784 
204P/01 $010.1007/978-3-319-57589-6 $SV787 
208@/01 $a03-10-17 $bl
LEADER 00000cam a22000002c 4500
001 417391013
003 DE-603
005 20251201032020.0
007 cr||||||||||||
008 171003s2017 xx |||| o| u00||u|eng c
020 |a 9783319575896 
020 |a 3319575899 
024 7 |a 10.1007/978-3-319-57589-6  |2 doi 
028 5 2 |a SpringerNature-41170 
028 5 2 |a SpringerNature-43720 
035 |a (DE-599)HEB417391013 
035 |a (OCoLC)1005405807 
040 |a DE-603  |b ger  |c DE-603  |d DE-603  |e rda 
041 |a eng 
082 7 |a 338.5  |2 23/eng 
084 |a QC 100  |0 (DE-625)141244:  |0 (DE-603)411124374  |2 rvk 
100 1 |a Kolmar, Martin  |e Verfasser  |4 aut 
245 0 0 |a Principles of Microeconomics  |b An Integrative Approach  |c by Martin Kolmar 
250 |a 1st ed. 2017 
264 1 |a Cham  |b Springer International Publishing  |c 2017 
264 2 |a Cham  |b Springer International Publishing AG 
300 |a 1 Online-Ressource (XII, 336 Seiten)  |b 80 illus. 
336 |a Text  |b txt  |2 rdacontent 
337 |a Computermedien  |b c  |2 rdamedia 
338 |a Online-Ressource  |b cr  |2 rdacarrier 
490 0 |a Springer Texts in Business and Economics  |x 2192-4341 
650 7 |a Mikroökonomie  |0 (DE-588)4039225-9  |0 (DE-603)085106909  |2 gnd 
776 0 8 |i Erscheint auch als  |n Druck-Ausgabe  |a Kolmar, Martin  |t Principles of Microeconomics  |d Cham : Springer International Publishing, 2017  |z 9783319575889 
776 1 |z 978--331957588-9 
776 1 |z 978--331957590-2 
776 1 |z 978--331986202-6 
856 |u https://doi.org/10.1007/978-3-319-57589-6  |x Resolving-System 
856 4 2 |m X:DE-He213  |q text/html  |u http://scans.hebis.de/HEBCGI/show.pl?41739101_toc.html  |3 Inhaltsverzeichnis 
856 4 2 |m X:DE-He213  |q text/html  |u http://scans.hebis.de/HEBCGI/show.pl?41739101_aub.html  |3 Ausführliche Beschreibung 
912 |a ZDB-2-ECF 
924 1 |9 603  |a (DE-603)1007888768  |b DE-603  |c HES  |d d 
924 1 |9 603  |a (DE-603)1007888776  |b DE-603  |c HES  |d d 
924 1 |9 603  |a (DE-603)1007888784  |b DE-603  |c HES  |d d